Delicious asian seafoods (Record no. 6013)

MARC details
000 -LEADER
fixed length control field 00626nam a22001937a 4500
003 - CONTROL NUMBER IDENTIFIER
control field OSt
005 - DATE AND TIME OF LATEST TRANSACTION
control field 20251121144411.0
008 - FIXED-LENGTH DATA ELEMENTS--GENERAL INFORMATION
fixed length control field 251121b |||||||| |||| 00| 0 eng d
020 ## - INTERNATIONAL STANDARD BOOK NUMBER
International Standard Book Number 962-593-851-6
040 ## - CATALOGING SOURCE
Original cataloging agency DWC-Main lib
Transcribing agency OC
082 ## - DEWEY DECIMAL CLASSIFICATION NUMBER
Classification number Res. 641.6 B678 2001
100 ## - MAIN ENTRY--PERSONAL NAME
Personal name Lee, G.B.
245 ## - TITLE STATEMENT
Title Delicious asian seafoods
Statement of responsibility, etc. Lee, Geok Boi
260 ## - PUBLICATION, DISTRIBUTION, ETC.
Place of publication, distribution, etc. Singapore :
Name of publisher, distributor, etc. Periplus,
Date of publication, distribution, etc. c2001
300 ## - PHYSICAL DESCRIPTION
Extent 64 pages :
Other physical details colored illustration :
Dimensions 20 cm.
504 ## - BIBLIOGRAPHY, ETC. NOTE
Bibliography, etc. note Includes index
650 ## - SUBJECT ADDED ENTRY--TOPICAL TERM
Source of heading or term Cookery (seafoods)
942 ## - ADDED ENTRY ELEMENTS (KOHA)
Source of classification or shelving scheme Dewey Decimal Classification
Koha item type Book- Reserved
Edition Periplus editions
Classification part Res. 641.6 B678 2001
Call number prefix Res.
Suppress in OPAC No
952 ## - LOCATION AND ITEM INFORMATION (KOHA)
--
Holdings
Withdrawn status Lost status Source of classification or shelving scheme Damaged status Not for loan Home library Current library Shelving location Date acquired Source of acquisition Total Checkouts Full call number Barcode Date last seen Copy number Price effective from Koha item type Uniform Resource Identifier
    Dewey Decimal Classification     HM & Nursing Library HM & Nursing Library Reserved 10/11/2005 Donation   Res. 641.6 B678 2001 HMN42454 11/21/2025 c1 11/21/2025 BK-0 CIRC